Beyond Databases, Architectures, and Structures 10th International Conference, BDAS 2014, Ustron, Poland, May 27-30, 2014. Proceedings /

This book constitutes the refereed proceedings of the 10th IEEE International Conference Beyond Databases, Architectures, and Structures, BDAS 2014, held in Ustron, Poland, in May 2014. This book consists of 56 carefully revised selected papers that are assigned to 11 thematic groups: query language...

Full description

Bibliographic Details
Corporate Author: SpringerLink (Online service)
Other Authors: Kozielski, Stanislaw (Editor), Mrozek, Dariusz (Editor), Kasprowski, Pawel (Editor), Małysiak-Mrozek, Bożena (Editor), Kostrzewa, Daniel (Editor)
Format: Electronic eBook
Language:English
Published: Cham : Springer International Publishing : Imprint: Springer, 2014.
Series:Communications in Computer and Information Science, 424
Subjects:
Online Access:Full Text via HEAL-Link
LEADER 03204nam a22005415i 4500
001 978-3-319-06932-6
003 DE-He213
005 20151031151140.0
007 cr nn 008mamaa
008 140418s2014 gw | s |||| 0|eng d
020 |a 9783319069326  |9 978-3-319-06932-6 
024 7 |a 10.1007/978-3-319-06932-6  |2 doi 
040 |d GrThAP 
050 4 |a QA76.9.D3 
072 7 |a UN  |2 bicssc 
072 7 |a UMT  |2 bicssc 
072 7 |a COM021000  |2 bisacsh 
082 0 4 |a 005.74  |2 23 
245 1 0 |a Beyond Databases, Architectures, and Structures  |h [electronic resource] :  |b 10th International Conference, BDAS 2014, Ustron, Poland, May 27-30, 2014. Proceedings /  |c edited by Stanislaw Kozielski, Dariusz Mrozek, Pawel Kasprowski, Bożena Małysiak-Mrozek, Daniel Kostrzewa. 
264 1 |a Cham :  |b Springer International Publishing :  |b Imprint: Springer,  |c 2014. 
300 |a XVII, 592 p. 198 illus.  |b online resource. 
336 |a text  |b txt  |2 rdacontent 
337 |a computer  |b c  |2 rdamedia 
338 |a online resource  |b cr  |2 rdacarrier 
347 |a text file  |b PDF  |2 rda 
490 1 |a Communications in Computer and Information Science,  |x 1865-0929 ;  |v 424 
505 0 |a Query languages, transactions and query optimization -- Data warehousing and big data -- Ontologies and semantic web -- Computational intelligence and data mining -- Collective intelligence, scheduling, and parallel processing -- Bioinformatics and biological data analysis -- Image analysis and multimedia mining -- Security of database systems -- Spatial data analysis -- Applications of database systems -- Web and XML in database systems. 
520 |a This book constitutes the refereed proceedings of the 10th IEEE International Conference Beyond Databases, Architectures, and Structures, BDAS 2014, held in Ustron, Poland, in May 2014. This book consists of 56 carefully revised selected papers that are assigned to 11 thematic groups: query languages, transactions and query optimization; data warehousing and big data; ontologies and semantic web; computational intelligence and data mining; collective intelligence, scheduling, and parallel processing; bioinformatics and biological data analysis; image analysis and multimedia mining; security of database systems; spatial data analysis; applications of database systems; Web and XML in database systems. 
650 0 |a Computer science. 
650 0 |a Computers. 
650 0 |a Database management. 
650 0 |a Data mining. 
650 1 4 |a Computer Science. 
650 2 4 |a Database Management. 
650 2 4 |a Data Mining and Knowledge Discovery. 
650 2 4 |a Models and Principles. 
700 1 |a Kozielski, Stanislaw.  |e editor. 
700 1 |a Mrozek, Dariusz.  |e editor. 
700 1 |a Kasprowski, Pawel.  |e editor. 
700 1 |a Małysiak-Mrozek, Bożena.  |e editor. 
700 1 |a Kostrzewa, Daniel.  |e editor. 
710 2 |a SpringerLink (Online service) 
773 0 |t Springer eBooks 
776 0 8 |i Printed edition:  |z 9783319069319 
830 0 |a Communications in Computer and Information Science,  |x 1865-0929 ;  |v 424 
856 4 0 |u http://dx.doi.org/10.1007/978-3-319-06932-6  |z Full Text via HEAL-Link 
912 |a ZDB-2-SCS 
950 |a Computer Science (Springer-11645)